[Event "Mittelrhein Verbandsliga-M 1112"]
[Site "Germany"]
[Date "2011.12.11"]
[Round "4.3"]
[White "Corssen, Stefan"]
[Black "Mass, Elvira"]
[Result "1-0"]
[WhiteElo "2000"]
[BlackElo "1960"]
[PlyCount "117"]
[EventDate "2011.09.18"]
[EventType "team-tourn"]
[EventRounds "11"]
[EventCountry "GER"]
[SourceTitle "EXT 2013"]
[Source "ChessBase"]
[SourceDate "2012.11.22"]
[SourceVersion "1"]
[SourceVersionDate "2012.11.22"]
[SourceQuality "1"]
[WhiteTeam "Koeln Lasker II"]
[BlackTeam "Godesberg V"]
[WhiteTeamCountry "GER"]
[BlackTeamCountry "GER"]

1. e4 e6 2. d4 d5 3. Nd2 c5 4. Ngf3 cxd4 5. exd5 Qxd5 6. Bc4 Qd7 7. 0-0 Nc6 8. Nb3 Nf6 9. Nbxd4 Nxd4 10. Nxd4 a6 11. Re1 Qc7 12. Bb3 Be7 13. Qf3 0-0 14. Bf4 Bd6 15. Bxd6 Qxd6 16. Rad1 Qc5 17. c3 e5 18. Ne2 Bg4 19. Qxb7 Bh5 20. Qb4 Qxb4 21. cxb4 Rfb8 22. Rd6 Rxb4 23. Ng3 Bg6 24. Rxe5 h5 25. Ra5 h4 26. Nf1 Re4 27. Ne3 Kh7 28. Raxa6 Rxa6 29. Rxa6 Ng4 30. Ra4 Ne5 31. Rxe4 Bxe4 32. Bc2 Bxc2 33. Nxc2 Kg6 34. Nd4 Kf6 35. b4 Nd3 36. Nc2 Ke5 37. Kf1 Kd5 38. a3 Kc4 39. Ke2 Nf4+ 40. Kf3 g5 41. Ne3+ Kb5 42. Ke4 Ka4 43. Kf5 h3 44. g3 Nd3 45. Ng4 Ne1 46. Kxg5 Nd3 47. Kf6 Kxa3 48. b5 Kb4 49. b6 Nc5 50. Kxf7 Kb5 51. Ne5 Kxb6 52. g4 Ne4 53. f4 Kc5 54. g5 Kd4 55. g6 Nd6+ 56. Ke6 Ne8 57. Ng4 Ng7+ 58. Kf7 Nh5 59. f5 1-0

[Event "Mittelrhein Verbandsliga-M 1112"]
[Site "Germany"]
[Date "2011.10.09"]
[Round "2.3"]
[White "Corssen, Stefan"]
[Black "Hoffmann, Max"]
[Result "1-0"]
[WhiteElo "2000"]
[BlackElo "2029"]
[PlyCount "35"]
[EventDate "2011.09.18"]
[EventType "team-tourn"]
[EventRounds "11"]
[EventCountry "GER"]
[SourceTitle "EXT 2013"]
[Source "ChessBase"]
[SourceDate "2012.11.22"]
[SourceVersion "1"]
[SourceVersionDate "2012.11.22"]
[SourceQuality "1"]
[WhiteTeam "Koeln Lasker II"]
[BlackTeam "Aachen Aufwaerts III"]
[WhiteTeamCountry "GER"]
[BlackTeamCountry "GER"]

1. e4 c5 2. Nf3 e6 3. d4 cxd4 4. Nxd4 a6 5. Nc3 Qc7 6. Bd3 Nf6 7. f4 Bc5 8. Nb3 Ba7 9. e5 Qc6 10. exf6 Qxg2 11. Rf1 Qxh2 12. Qg4 gxf6 13. Qg7 Qh4+ 14. Kd1 Rf8 15. f5 Ke7 16. Ne4 h6 17. Bxh6 Rg8 18. Qxg8 1-0

[Event "Werther Schloss op-A 15th"]
[Site "Werther"]
[Date "2009.04.03"]
[Round "2"]
[White "Zimmermann, Julian"]
[Black "Corssen, Stefan"]
[Result "1-0"]
[WhiteElo "2315"]
[BlackElo "2061"]
[PlyCount "20"]
[EventDate "2009.04.02"]
[EventType "swiss"]
[EventRounds "7"]
[EventCountry "GER"]
[SourceTitle "CBM 131 Extra"]
[Source "ChessBase"]
[SourceDate "2009.09.03"]
[SourceVersion "2"]
[SourceVersionDate "2009.09.16"]
[SourceQuality "1"]

1. e4 c5 2. Nf3 Nc6 3. d4 cxd4 4. Nxd4 e6 5. Nc3 d6 6. Be3 Nf6 7. Bc4 Be7 8. Qe2 0-0 9. 0-0-0 Nxd4 10. Bxd4 Qa5 1-0

[Event "NRW Class2 0809"]
[Site "Germany"]
[Date "2009.02.01"]
[Round "6.8"]
[White "Corssen, Stefan"]
[Black "Liley, Uwe"]
[Result "0-1"]
[WhiteElo "2061"]
[BlackElo "1965"]
[PlyCount "150"]
[EventDate "2008.09.21"]
[EventType "team-tourn"]
[EventRounds "9"]
[EventCountry "GER"]
[SourceTitle "EXT 2010"]
[Source "ChessBase"]
[SourceDate "2010.11.25"]
[SourceVersion "1"]
[SourceVersionDate "2010.11.25"]
[SourceQuality "1"]
[WhiteTeam "Koeln Lasker"]
[BlackTeam "Hagen"]
[WhiteTeamCountry "GER"]
[BlackTeamCountry "GER"]

1. d4 d5 2. c4 c6 3. Nf3 e6 4. e3 Bd6 5. b3 Ne7 6. Bb2 Ng6 7. h4 Nd7 8. h5 Ne7 9. Nbd2 Nf6 10. Bd3 Bb4 11. a3 Bxd2+ 12. Nxd2 dxc4 13. bxc4 Qa5 14. h6 Qg5 15. hxg7 Rg8 16. Qf3 Rxg7 17. g3 Bd7 18. Qf4 Qxf4 19. exf4 Neg8 20. 0-0-0 0-0-0 21. Rh4 c5 22. Nf3 cxd4 23. Nxd4 Ba4 24. Rd2 Rg4 25. Rh3 h5 26. Nf3 Bc6 27. Ne5 Rg7 28. Nxc6 bxc6 29. Kc2 Rg4 30. f3 Rg7 31. Be5 Rxd3 32. Rxd3 Rg6 33. Rh2 Nd7 34. Rhd2 Nxe5 35. fxe5 Rxg3 36. Rd7 Nh6 37. Rd8+ Kb7 38. Rh8 Rg6 39. Rh2 Nf5 40. R8xh5 Nd4+ 41. Kc3 Nxf3 42. R2h3 Ng1 43. Re3 Rg2 44. Kd3 Kb6 45. Rh4 Kc5 46. Rf4 Ra2 47. Ke4 Rd2 48. Re1 Nh3 49. Ke3 Ra2 50. Rxf7 Rxa3+ 51. Kd2 Ng5 52. Rf6 Nf3+ 53. Ke2 Nxe1 54. Kxe1 Re3+ 55. Kd2 Rxe5 56. Kd3 a5 57. Rf8 Rh5 58. Ra8 Rh3+ 59. Kc2 Kxc4 60. Rxa5 c5 61. Ra4+ Kd5 62. Ra8 e5 63. Rd8+ Kc4 64. Kd2 e4 65. Ke2 Kc3 66. Ra8 Rh4 67. Ke3 c4 68. Rc8 Kb3 69. Rb8+ Kc2 70. Rc8 c3 71. Rc7 Kb2 72. Rb7+ Kc1 73. Rd7 c2 74. Rd8 Rh3+ 75. Kxe4 Kb2 0-1

[Event "NRW Class2 0304"]
[Site "Germany"]
[Date "2004.03.28"]
[Round "8.4"]
[White "Balcerak, Philipp"]
[Black "Corssen, Stefan"]
[Result "1-0"]
[WhiteElo "2188"]
[BlackElo "2098"]
[PlyCount "53"]
[EventDate "2003.09.28"]
[EventType "team"]
[EventRounds "9"]
[EventCountry "GER"]
[SourceTitle "CBM 098 Extra"]
[Source "ChessBase"]
[SourceDate "2004.03.10"]
[SourceVersion "2"]
[SourceVersionDate "2004.03.10"]
[SourceQuality "1"]
[WhiteTeam "Koeln Porz III"]
[BlackTeam "Wiehl"]
[WhiteTeamCountry "GER"]
[BlackTeamCountry "GER"]

1. e4 c5 2. Nf3 d6 3. d4 cxd4 4. Nxd4 Nf6 5. Nc3 e6 6. g4 h6 7. Bg2 a6 8. h3 Qc7 9. Be3 Nc6 10. f4 Bd7 11. Qe2 Be7 12. 0-0-0 b5 13. e5 dxe5 14. fxe5 Nh7 15. Ne4 Nxe5 16. Nd6+ Bxd6 17. Bxa8 Nc4 18. Kb1 0-0 19. Bg2 Rc8 20. Bc1 b4 21. Be4 Nf6 22. Bd3 Bb5 23. Nxe6 Qb6 24. Nd4 Re8 25. Qf1 Ne4 26. Bxc4 Bxc4 27. Qxc4 1-0

[Event "NRW Class2 0304"]
[Site "Germany"]
[Date "2003.09.28"]
[Round "1.5"]
[White "Corssen, Stefan"]
[Black "Wagner, Alexej"]
[Result "0-1"]
[WhiteElo "2098"]
[BlackElo "2241"]
[PlyCount "66"]
[EventDate "2003.09.28"]
[EventType "team"]
[EventRounds "9"]
[EventCountry "GER"]
[SourceTitle "CBM 098 Extra"]
[Source "ChessBase"]
[SourceDate "2004.03.10"]
[SourceVersion "2"]
[SourceVersionDate "2004.03.10"]
[SourceQuality "1"]
[WhiteTeam "Wiehl"]
[BlackTeam "Lippstadt Turm"]
[WhiteTeamCountry "GER"]
[BlackTeamCountry "GER"]

1. e4 c5 2. Nf3 d6 3. d4 cxd4 4. Nxd4 Nf6 5. Nc3 a6 6. Bc4 e6 7. Bb3 Nbd7 8. f4 Nc5 9. e5 dxe5 10. fxe5 Nxb3 11. axb3 Nd5 12. 0-0 Bc5 13. Ne4 Nf4 14. c3 Bxd4+ 15. cxd4 Qxd4+ 16. Qxd4 Ne2+ 17. Kh1 Nxd4 18. Nd6+ Kd7 19. Rxf7+ Kc6 20. Be3 Nxb3 21. Ra3 Nc5 22. Rc3 b6 23. b4 a5 24. bxc5 b5 25. Rd3 b4 26. Ne4 Kb5 27. Rd6 Ra6 28. Rb6+ Rxb6 29. cxb6 Ba6 30. Ra7 b3 31. Nd6+ Kb4 32. Bd4 Rf8 33. Kg1 Rf1# 0-1

[Event "Dortmund op-A"]
[Site "Dortmund"]
[Date "2003.08.09"]
[Round "8"]
[White "Strathoff, Martin"]
[Black "Corssen, Stefan"]
[Result "1/2-1/2"]
[WhiteElo "1866"]
[BlackElo "2098"]
[PlyCount "83"]
[EventDate "2003.08.01"]
[EventType "swiss"]
[EventRounds "9"]
[EventCountry "GER"]
[SourceTitle "CBM 095 Extra"]
[Source "ChessBase"]
[SourceDate "2003.09.04"]
[SourceVersion "1"]
[SourceVersionDate "2003.09.04"]
[SourceQuality "1"]

1. d4 Nf6 2. c4 e6 3. Nc3 Bb4 4. Qc2 0-0 5. Nf3 c5 6. e3 d5 7. cxd5 cxd4 8. exd4 Qxd5 9. Bd3 Nc6 10. a3 Bxc3+ 11. bxc3 Qa5 12. 0-0 e5 13. Re1 exd4 14. Rb1 a6 15. Nxd4 Qd5 16. Nxc6 Qxc6 17. a4 b6 18. Bg5 h6 19. Be3 Rb8 20. Bd4 Bd7 21. Bxa6 Nd5 22. Bb5 Qc8 23. Qe4 Bxb5 24. Qe5 Qg4 25. Rxb5 Nf4 26. g3 Rbe8 27. Qxe8 Rxe8 28. Rxe8+ Kh7 29. Rbe5 Nh3+ 30. Kg2 Nf4+ 31. Kg1 Nh3+ 32. Kg2 Nf4+ 33. Kf1 Qh3+ 34. Ke1 Nd3+ 35. Kd2 Nxe5 36. Rxe5 Qd7 37. Rb5 Qe6 38. Kd3 Qe1 39. Rb4 Qd1+ 40. Kc4 Qe2+ 41. Kb3 Qd1+ 42. Ka3 1/2-1/2

[Event "Oberliga NRW 0203 I"]
[Site "Germany"]
[Date "2003.01.05"]
[Round "4.4"]
[White "Corssen, Stefan"]
[Black "Dorner, Matthias"]
[Result "1/2-1/2"]
[WhiteElo "1987"]
[BlackElo "2265"]
[PlyCount "36"]
[EventDate "2002.10.06"]
[EventType "team"]
[EventRounds "9"]
[EventCountry "GER"]
[SourceTitle "EXT 2004"]
[Source "ChessBase"]
[SourceDate "2003.11.25"]
[SourceVersion "1"]
[SourceVersionDate "2003.11.25"]
[SourceQuality "1"]
[WhiteTeam "Wiehl"]
[BlackTeam "Krefeld"]
[WhiteTeamCountry "GER"]
[BlackTeamCountry "GER"]

1. e4 c6 2. d4 d5 3. Nc3 dxe4 4. Nxe4 Nf6 5. Nxf6+ exf6 6. Bc4 Qe7+ 7. Qe2 Bg4 8. Qxe7+ Bxe7 9. h3 Be6 10. Bb3 Bd6 11. Ne2 Na6 12. Bf4 0-0-0 13. 0-0-0 Bxb3 14. axb3 Rhe8 15. Bxd6 Rxe2 16. Bg3 Nb4 17. c3 Nd5 18. Rde1 Rde8 1/2-1/2